Estudos (Record no. 44906)
[ view plain ]
| 000 -Etiqueta do registo | |
|---|---|
| Valores | 00650cas a2200193 04500 |
| 021 ## - Número do Depósito Legal | |
| Número | 204341/03 |
| 100 ## - Dados gerais de processamento | |
| Dados gerais | 19940323a19229999km y0pory5003 ba |
| 101 0# - Língua de publicação | |
| Língua | por |
| 102 ## - País de publicação | |
| País | PT |
| 200 1# - Titulo e menção de responsabilidade | |
| Título próprio | Estudos |
| Informação de outro título | revista do Centro Académico de Democracia Cristã |
| Primeira menção de responsabilidade | Centro Académico de Democracia Cristã |
| Outras menções de responsabilidade | dir. José Augusto Vaz Pinto |
| -- | dir. José Carlos Seabra Pereira |
| 210 #9 - Publicação | |
| Local de publicação | Coimbra |
| Nome do editor | Centro Académico de Democracia Cristã |
| Data de publicação | 1922- |
| 215 ## - Descrição física | |
| Dimensões | 19 cm |
| 675 ## - CDU | |
| Notação | 27-72(05) |
| 702 #1 - Autor secundário | |
| Apelido | Pinto, |
| Nome | José Augusto Vaz, |
| Datas | 1903-? |
| Função | 300 |
| 712 02 - Autor entidade secundário | |
| Nome da entidade | Centro Académico de Democracia Cristã |
| 801 #0 - Fonte de origem | |
| País | PT |
| Agência | BN |
| Regras de catalogação | RPC |
| 990 ## - Elementos KOHA | |
| Tipo de documento | Livro |
| Aquisição | Empréstimo | Código de barras | Cota | Permissão de empréstimo | Tipo de documento | Nota relativa ao exemplar |
|---|---|---|---|---|---|---|
| Biblioteca Municipal de Redondo | Biblioteca Municipal de Redondo | 055091 | 27-72(05) CEN | Consulta presencial | Jornais e Revistas | Nova série n.º 11, 2014 |
| Biblioteca Municipal de Redondo | Biblioteca Municipal de Redondo | 055092 | 27-72(05) CEN | Consulta presencial | Jornais e Revistas | Nova série n.º 13 , 2018 |
| Biblioteca Municipal de Redondo | Biblioteca Municipal de Redondo | 055093 | 27-72(05) CEN | Consulta presencial | Jornais e Revistas | Nova série n.º 12 , 2015 |